Green Animals Picture Quiz - Statistics

General Stats
  • This quiz has been taken 24 times
  • The average score is 11 of 12
Answer Stats
Picture Answer % Correct
Frog
100%
Grasshopper
100%
Snake (Viper)
100%
Turtle
100%
Beetle
95%
Dragonfly
95%
Caterpillar
86%
Chameleon
86%
Praying Mantis
86%
Parrot
81%
Gecko
76%
Cricket
57%
No matching quizzes found
Score Distribution
Percent of People with Each Score
Percentile by Number Answered
Your Score History
You have not taken this quiz